[Event "Buenaventura op"]
[Site "Buenaventura"]
[Date "2021.10.10"]
[Round "6"]
[White "Chirinos, Jorge"]
[Black "Pereira Vera, Henry Alberto"]
[Result "1-0"]
[WhiteElo "1697"]
[BlackElo "1739"]
[PlyCount "111"]
[EventDate "2021.10.08"]
[EventType "swiss"]
[EventRounds "7"]
[EventCountry "COL"]
[SourceTitle "EXT 2023"]
[Source "ChessBase"]
[SourceDate "2022.10.05"]
[SourceVersion "1"]
[SourceVersionDate "2022.10.05"]
[SourceQuality "1"]

1. e4 d5 2. e5 Bf5 3. d4 e6 4. Bd3 Bxd3 5. Qxd3 c5 6. c3 Qb6 7. Nf3 Ne7 8. 0-0 Nec6 9. a3 Nd7 10. b4 cxd4 11. cxd4 Be7 12. Nc3 0-0 13. Bg5 Rae8 14. Ne2 f6 15. exf6 Bxf6 16. Rae1 Ne7 17. Nf4 Nf5 18. Nxd5 exd5 19. Qxf5 Rxe1 20. Rxe1 Qb5 21. a4 Qxa4 22. Qxd5+ Kh8 23. b5 Qb4 24. Qxd7 Bxg5 25. Re8 h6 26. h4 Bf6 27. Rxf8+ Qxf8 28. Qxb7 Qb4 29. d5 Qb1+ 30. Kh2 Qe4 31. Qxa7 Qf4+ 32. Kh3 Qf5+ 33. Kg3 Qxd5 34. Qb8+ Kh7 35. b6 Be7 36. Kh3 Qe6+ 37. g4 Bd6 38. Qd8 Qd5 39. Kg2 Qe6 40. Nh2 Qe5 41. Nf1 Qf4 42. Ne3 Qh2+ 43. Kf1 Qf4 44. Qc8 g6 45. b7 Qh2 46. Qe8 Qh1+ 47. Ke2 Qxb7 48. h5 gxh5 49. Qxh5 Qe7 50. Kf1 Be5 51. Nf5 Qf6 52. Nh4 Bf4 53. Ng2 Qa6+ 54. Ke1 Qe6+ 55. Kd1 Qb3+ 56. Ke2 1-0